Catálogo Biblioteca Central

Le maire (Registro nro. 96057)

Detalles MARC
000 -CABECERA
campo de control de longitud fija 00762naa a2200217 i 4500
001 - NÚMERO DE CONTROL
campo de control 96057
003 - IDENTIFICADOR DEL NÚMERO DE CONTROL
campo de control ES-MaBCM
005 - FECHA Y HORA DE LA ÚLTIMA TRANSACCIÓN
campo de control 20241016130305.0
008 - CÓDIGOS DE INFORMACIÓN DE LONGITUD FIJA
campo de control de longitud fija 040305s2004 fra 000 0 fre d
021 ## -
-- xx
035 ## - NÚMERO DE CONTROL DEL SISTEMA
Número de control de sistema (OCoLC)1365230415
040 ## - FUENTE DE LA CATALOGACIÓN
Centro transcriptor ES-MaBCM
041 0# - CÓDIGO DE LENGUA
Código de lengua del texto/banda sonora o título independiente fre
043 ## - CÓDIGO DE ÁREA GEOGRÁFICA
Código de área geográfica fra
245 00 - MENCIÓN DE TÍTULO
Título Le maire
520 ## - SUMARIO, ETC.
Sumario etc. Dossier sobre el tema : El alcalde, agente del Estado. El alcalde hoy. Las verdaderas apuestas de la función de alcalde. Más cerca del ciudadano. La fisonomía jurídica del alcalde en el siglo XIX
650 27 - PUNTO DE ACCESO ADICIONAL DE MATERIA--TÉRMINO DE MATERIA
Término de materia o nombre geográfico como elemento inicial Alcalde
9 (RLIN) 57501
651 #4 - PUNTO DE ACCESO ADICIONAL DE MATERIA--NOMBRE GEOGRÁFICO
Nombre geográfico Francia
9 (RLIN) 115364
773 0# - ENLACE AL DOCUMENTO FUENTE
Encabezamiento principal En:
Título Les cahiers de la fonction publique et de l'administration
Lugar editor y fecha de publicación Paris : 2004
Número de control del registro relacionado 104646
Parte(s) relacionada(s) nº 230, janv., p. 4-13. - Loc. S.330
942 ## - ELEMENTOS DE PUNTO DE ACCESO ADICIONAL (KOHA)
Tipo de ítem Koha Artículos de revistas
Existencias
Estado de retiro Estado de pérdida Estado dañado No para préstamo Localización permanente Ubicación/localización actual Fecha de adquisición Precio válido a partir de Tipo de ítem Koha
        Biblioteca Central del Ministerio de la Presidencia Biblioteca Central del Ministerio de la Presidencia 21/04/2012 21/04/2012 Artículos de revistas